000
00423nam a2200145Ia 4500
008
100122s9999 xx 000 0 und d
082
_b
57926
_a
737
100
_a
वाघे सुरेश
245
_a
नाणेपुराण
260
_b
ग्रंथाली प्रकाशन
_c
2000
300
_a
70
630
_a
नाणेपुराण
730
_a
नाणेपुराण
942
_c
BOOK
999
_c
434053
_d
434050